banner-ar

مكة المكرمة والكعبة المشرفة فى كتب الرحالة المسلمين (Record no. 35391)

MARC details
000 -الفاتح
حقل البيانات ثابتة الطول 00473nam a2200133Ia 4500
008 - عناصر البيانات ثابتة الطول - معلومات عامة
حقل البيانات ثابتة الطول 140319s9999 xx 000 0 ara d
040 ## - مصدر الفهرسة
وكالة الفهرسة الأصلية GCL /
وكالة النسخ GCL
082 04 - رقم تصنيف ديوى العشرى
رقم التصنيف 911.53121
رقم المادة ع م
245 10 - بيان العنوان
العنوان مكة المكرمة والكعبة المشرفة فى كتب الرحالة المسلمين
260 ## - PUBLICATION, DISTRIBUTION, ETC. (IMPRINT)
تاريخ النشر أو التوزيع 1989
300 ## - الوصف المادى
التعداد 133 ص
490 ## - بيان السلسلة
عنوان السلسلة بحوث ودراسات- تاريخ
رقم المجلد/ التعيين التسلسلي 0
260 ## - PUBLICATION, DISTRIBUTION, ETC. (IMPRINT)
-- [S.N] :
-- المؤسسة الوطنية للترجمة والتحقيق ،
Holdings
حالة التراجع حالة الفقد حالة تلف ليس للاعارة المكان المؤقت الموقع الحالى تاريخ الاكتساب اجمالي اﻻعارات رقم الطلب الباركود تاريخ اخر مشاهدة تاريخ تفعيل السعر نوع وعاء كوها
        مكتبة القاهرة الكبرى مكتبة القاهرة الكبرى 03/26/2014   911.53121\ع م 86266 03/26/2014 03/26/2014 كتاب

Powered By

EGPV